Normal view
MARC view
Entry Personal Name
001 - CONTROL NUMBER
- control field: 23042
003 - CONTROL NUMBER IDENTIFIER
- control field: ENAL
005 - DATE AND TIME OF LATEST TRANSACTION
- control field: 20181204110709.0
008 - FIXED-LENGTH DATA ELEMENTS
- fixed length control field: 181204|| aca||aabn | a|a d
040 ## - CATALOGING SOURCE
- Original cataloging agency: ENAL
- Transcribing agency: ENAL
100 ## - HEADING--PERSONAL NAME
- Personal name: Ahmed, Osama Abd El - Badia El - Sayed Sayed.
670 ## - SOURCE DATA FOUND
- Source citation: Work cat.: (ENAL): Ahmed, Osama Abd El - Badia El - Sayed Sayed., Further studies on stem rust disease of wheat in Egypt, 2015.